000
00467nam a2200181Ia 4500
008
100917s9999 xx 000 0 und d
082
_b
11163
100
_a
कर्णिक मधु मंगेश
245
_a
केवडा
260
_b
श्रीराम प्रकाशन
_c
1894
300
_a
174
365
_b
10
520
_a
कथा
630
_a
केवडा
650
_a
कथा
730
_a
केवडा
942
_c
BOOK
999
_c
616557
_d
616554